<?xml version='1.0' encoding='UTF-8'?>
  <record xmlns="http://www.loc.gov/MARC21/slim">
    <leader>00000cam a22000007i 4500</leader>
    <controlfield tag="001">ocm65035236</controlfield>
    <controlfield tag="003">OCoLC</controlfield>
    <controlfield tag="005">20250909003152.3</controlfield>
    <controlfield tag="008">900403s1611    ne            000 0 lat d</controlfield>
    <datafield tag="040" ind1=" " ind2=" ">
      <subfield code="a">NLGGC</subfield>
      <subfield code="b">dut</subfield>
      <subfield code="c">NLGGC</subfield>
      <subfield code="e">fobidrtb</subfield>
      <subfield code="d">QGJ</subfield>
      <subfield code="d">OCLCA</subfield>
      <subfield code="d">QGJ</subfield>
      <subfield code="d">OCLCL</subfield>
      <subfield code="d">OCLCQ</subfield>
    </datafield>
    <datafield tag="029" ind1="0" ind2=" ">
      <subfield code="a">NLGGC</subfield>
      <subfield code="b">060876077</subfield>
    </datafield>
    <datafield tag="035" ind1=" " ind2=" ">
      <subfield code="a">(OCoLC)65035236</subfield>
    </datafield>
    <datafield tag="041" ind1="0" ind2=" ">
      <subfield code="a">lat</subfield>
    </datafield>
    <datafield tag="245" ind1="0" ind2="0">
      <subfield code="a">Inferioris Germaniae Provinciarvm Vnitarvm antiqvitates :</subfield>
      <subfield code="b">scilicet; de Rheni tribus alveis ostiisque, &amp; de Toxandris, Batavis, Caninefatibvs, Frisiis, Marsacis, aliisque populis : adjectæ tabulæ geographicæ : item picturæ operum ac monumentorum veterum, nec non Comitvm Hollandiæ, Zelandiæ, &amp; Frisiæ eicones, eorumdemque historia. /</subfield>
      <subfield code="c">Ex musæo Petri Scriverii.</subfield>
    </datafield>
    <datafield tag="246" ind1="3" ind2=" ">
      <subfield code="a">Inferioris Germaniae Provinciarum Unitarum antiquitates</subfield>
    </datafield>
    <datafield tag="260" ind1=" " ind2=" ">
      <subfield code="a">Lvgdvni Batavorvm, :</subfield>
      <subfield code="b">apud Ludovicum Elzevirium,</subfield>
      <subfield code="c">1611.</subfield>
    </datafield>
    <datafield tag="300" ind1=" " ind2=" ">
      <subfield code="a">[16], 232, [10], 232, 184, 56, 40 p. :</subfield>
      <subfield code="b">ill., krt. ;</subfield>
      <subfield code="c">in-4.</subfield>
    </datafield>
    <datafield tag="336" ind1=" " ind2=" ">
      <subfield code="a">tekst</subfield>
      <subfield code="b">txt</subfield>
      <subfield code="2">rdacontent/dut</subfield>
    </datafield>
    <datafield tag="337" ind1=" " ind2=" ">
      <subfield code="a">zonder medium</subfield>
      <subfield code="b">n</subfield>
      <subfield code="2">rdamedia/dut</subfield>
    </datafield>
    <datafield tag="338" ind1=" " ind2=" ">
      <subfield code="a">band</subfield>
      <subfield code="b">nc</subfield>
      <subfield code="2">rdacarrier/dut</subfield>
    </datafield>
    <datafield tag="505" ind1="8" ind2=" ">
      <subfield code="a">Bevat: [1.] Philippi Cluverii De tribus Rheni alveis, ostiisque et populis quondam accolentibus. [2.] Lucubratiuncula Gerardi Noviomagi ... De Batavorum insula. [3.] Historia Batavica / Gerardo Noviomago Rhapsodo. [4.] Cornelii Aurelii Batavia, sive De antiquo vero ejusque Insulae quam Rhenus in Hollandia facit situ &amp; laudibus. [5.] Antiquitatum Batavicarum tabularium, Hollandiae, Zelandiae ac Noviomagi Gelrici inscriptiones monumentaque antique repraesentans omnia / archiota Petro Scriverio. [6.] Illustrissimorum Hollandiae Zelandiaeque comitum ac dominorum Frisiae icones et historia. [7.] Vetustissimorum pontificium indigitamenta, et res gestae maxime memoratu dignae / auctoribus Hadriano Barlando &amp; Gerardo Noviomago. [8.] Chronicon Gelriae compendium / auctore Henrico Aquilio Arnhemiensi ; Petrus Scriverius ... publicabat.</subfield>
    </datafield>
    <datafield tag="510" ind1="0" ind2=" ">
      <subfield code="a">Willems 68</subfield>
    </datafield>
    <datafield tag="530" ind1=" " ind2=" ">
      <subfield code="a">Titel is geselecteerd voor digitalisering voor de Universiteit van Amsterdam in het kader van het Google Books-project.</subfield>
    </datafield>
    <datafield tag="700" ind1="1" ind2=" ">
      <subfield code="a">Scriverius, Petrus,</subfield>
      <subfield code="d">1576-1660.</subfield>
      <subfield code="1">https://id.oclc.org/worldcat/entity/E39PBJvd6MdRdf6jpW4pTcKw4q</subfield>
    </datafield>
    <datafield tag="700" ind1="1" ind2=" ">
      <subfield code="a">Cluverius, Philippus,</subfield>
      <subfield code="d">1580-1622.</subfield>
      <subfield code="1">https://id.oclc.org/worldcat/entity/E39PBJwdfjHKDj384TXg8PBgKd</subfield>
    </datafield>
    <datafield tag="700" ind1="1" ind2=" ">
      <subfield code="a">Geldenhauer, Gerard,</subfield>
      <subfield code="d">1482-1542.</subfield>
      <subfield code="1">https://id.oclc.org/worldcat/entity/E39PBJm4Q6r8wfht6xQGhYcXVC</subfield>
    </datafield>
    <datafield tag="700" ind1="1" ind2=" ">
      <subfield code="a">Aurelius, Cornelius,</subfield>
      <subfield code="d">ca. 1460-1531.</subfield>
      <subfield code="1">https://id.oclc.org/worldcat/entity/E39PBJmxYQYpfByMhtRgkVjgrq</subfield>
    </datafield>
    <datafield tag="700" ind1="1" ind2=" ">
      <subfield code="a">Barlandus, Hadrianus</subfield>
      <subfield code="q">(Hadrianus Cornelii),</subfield>
      <subfield code="d">1486-1538.</subfield>
      <subfield code="1">https://id.oclc.org/worldcat/entity/E39PBJcGpDV6qt3BBMpGDCMtrq</subfield>
    </datafield>
    <datafield tag="700" ind1="1" ind2=" ">
      <subfield code="a">Aquilius, Hen.</subfield>
      <subfield code="q">(Henricus),</subfield>
      <subfield code="d">2e helft 16e eeuw.</subfield>
      <subfield code="1">https://id.oclc.org/worldcat/entity/E39PCjtWprqwxRJCvyQvkxXBdP</subfield>
    </datafield>
    <datafield tag="710" ind1="0" ind2=" ">
      <subfield code="a">Elzevier, Lowijs (I, Leiden)</subfield>
      <subfield code="4">prt</subfield>
      <subfield code="0">(NL-LeOCL)07713432X</subfield>
    </datafield>
    <datafield tag="776" ind1="0" ind2=" ">
      <subfield code="t">Inferioris Germaniae Provinciarum Unitarum antiquitates</subfield>
      <subfield code="w">(NL-LeOCL)401759733</subfield>
    </datafield>
    <datafield tag="776" ind1="0" ind2=" ">
      <subfield code="t">Inferioris Germaniae Provinciarum Unitarum antiquitates</subfield>
      <subfield code="w">(NL-LeOCL)406948968</subfield>
    </datafield>
    <datafield tag="740" ind1="0" ind2=" ">
      <subfield code="a">De tribus Rheni alveis, ostiisque et populis quondam accolentibus.</subfield>
    </datafield>
    <datafield tag="740" ind1="0" ind2=" ">
      <subfield code="a">Lucubratiuncula de Batavorum insula.</subfield>
    </datafield>
    <datafield tag="740" ind1="0" ind2=" ">
      <subfield code="a">Historia Batavica.</subfield>
    </datafield>
    <datafield tag="740" ind1="0" ind2=" ">
      <subfield code="a">Antiquitatum Batavicarum tabularium, Hollandiae, Zelandiae ac Noviomagi Gelrici inscriptiones monumentaque antique repraesentans omnia</subfield>
    </datafield>
    <datafield tag="740" ind1="0" ind2=" ">
      <subfield code="a">Illustrissimorum Hollandiae Zelandiaeque comitum ac dominorum Frisiae icones et historia</subfield>
    </datafield>
    <datafield tag="740" ind1="0" ind2=" ">
      <subfield code="a">Vetustissimorum pontificium indigitamenta, et res gestae maxime memoratu dignae.</subfield>
    </datafield>
    <datafield tag="740" ind1="0" ind2=" ">
      <subfield code="a">Vetustissimorum ultrajectensium pontificum indigitamenta</subfield>
    </datafield>
    <datafield tag="740" ind1="0" ind2=" ">
      <subfield code="a">Chronicon Gelriae compendium</subfield>
    </datafield>
    <datafield tag="740" ind1="0" ind2=" ">
      <subfield code="a">Chronici Gelriae compendivm</subfield>
    </datafield>
    <datafield tag="936" ind1=" " ind2=" ">
      <subfield code="a">BATCHLOAD</subfield>
    </datafield>
  </record>